Практика создания товарных знаков

Podrobná bibliografie
Hlavní autor: Васильев И. Иван
Shrnutí:В книге рассказано о том, как организовать работу по созданию товарного знака и разработке фирменного стиля. Автор описывает проектный подход: от получения заказа, изучения конкурентов, придумывания идеи, создания дизайна и взаимодействия с заказчиком до регистрации товарного знака и доменного имени, рассказывает об их использовании в решении повседневных задач компании. Это то самое руководство к действию, которого долгое время не хватало всем, кто заказывает для своих компаний товарные знаки или фирменный стиль. Книга будет полезна предпринимателям, дизайнерам и маркетологам.
Jazyk:ruština
Vydáno: Москва, Манн, Иванов и Фербер, 2013
Témata:
Médium: MixedMaterials Kniha
KOHA link:https://koha.lib.tpu.ru/cgi-bin/koha/opac-detail.pl?biblionumber=242149

MARC

LEADER 00000nam0a2200000 4500
001 242149
005 20231101231855.0
010 |a 9785916575453 
035 |a (RuTPU)RU\TPU\book\263447 
090 |a 242149 
100 |a 20130827d2013 km y0rusy50 ca 
101 0 |a rus 
102 |a RU 
105 |a a z 001zy 
200 1 |a Практика создания товарных знаков  |f И. Васильев 
210 |a Москва  |c Манн, Иванов и Фербер  |d 2013 
215 |a 272 с.  |c ил. 
320 |a Библиогр.: с. 253-256. 
330 |a В книге рассказано о том, как организовать работу по созданию товарного знака и разработке фирменного стиля. Автор описывает проектный подход: от получения заказа, изучения конкурентов, придумывания идеи, создания дизайна и взаимодействия с заказчиком до регистрации товарного знака и доменного имени, рассказывает об их использовании в решении повседневных задач компании. Это то самое руководство к действию, которого долгое время не хватало всем, кто заказывает для своих компаний товарные знаки или фирменный стиль. Книга будет полезна предпринимателям, дизайнерам и маркетологам. 
606 1 |a Маркетинг  |2 stltpush  |3 (RuTPU)RU\TPU\subj\41036  |9 60857 
610 1 |a товарные знаки 
610 1 |a фирменный стиль 
610 1 |a создание 
610 1 |a творческие коллективы 
610 1 |a творческие идеи 
610 1 |a сбыт 
610 1 |a реклама 
610 1 |a услуги 
610 1 |a названия 
610 1 |a логотипы 
610 1 |a подготовка 
610 1 |a регистрация 
610 1 |a доменные имена 
610 1 |a макеты 
610 1 |a графические активы 
610 1 |a типографика 
610 1 |a макеты 
610 1 |a графический дизайн 
686 |a У9(2)212.4  |v LBC/SL-A  |2 rubbk 
700 1 |a Васильев  |b И.  |g Иван 
801 1 |a RU  |b 63413507  |c 20130827 
801 2 |a RU  |b 63413507  |c 20140306  |g RCR 
942 |c BK 
959 |a 116/20130827  |d 1  |e 570,00  |f ЧЗГЛ:1